00453nam a2200145Ia 4500008004100000100002600041245007600067245002600143260005900169260000900228300001100237650001800248650001500266856002600281170221s9999 xx 000 0 und d aDilek Özhan Koçak 4aThe Lack of Collective Memory and Identity Construction in Cyberspace  cDilek Özhan Koçak bOnline Journal of Communication and Media Technologies c2013 a33 : 9 xCommunication xMedia Arts uhttp://www.ojcmt.net/